La perspectiva científica (Registro nro. 7195)
[ vista simple ]
| 000 -ENCABEZADO | |
|---|---|
| Número de control [NR] | 00821nam a2200241Ia 4500 |
| 005 - FECHA Y HORA DE LA ÚLTIMA TRANSACCIÓN | |
| control field | 20211108100530.0 |
| 008 - DE LONGITUD FIJA DE DATOS DE ELEMENTOS - INFORMACIÓN GENERAL | |
| Elementos de longitud fija [NR] | 130821s1975 sp gr spa |
| 020 ## - NUMERO INTERNACIONAL NORMALIZADO PARA LIBROS [R] | |
| Número Internacional Normalizado del libro [NR] | 8434406721 |
| 040 ## - FUENTE DE CATALOGACION [NR] | |
| Agencia de catalogación original [NR] | Co-BoUCM |
| Idioma de catalogación [NR] | Español |
| Quien Cataloga | Doris Forero |
| Quien Clasifica | Doris Forero |
| 041 ## - CODIGO DE IDIOMA [R] | |
| Código de idioma para texto/pista de sonido o título separado [R] | Español |
| 082 04 - NUMERO DE CLASIFICACION DECIMAL DEWEY [R] | |
| Número de clasificación [R] | 192 |
| Número de la edición [NR] | 20 |
| 100 1# - ASIENTO PRINCIPAL--NOMBRE PERSONAL [NR] | |
| Nombre personal [NR] | Russell, Bertrand |
| Fechas asociadas con el nombre [NR] | 1872-1970 |
| ID Autoridad | 64519 |
| 245 13 - MENCION DE TITULO [NR] | |
| Título [NR] | La perspectiva científica |
| Mención de responsabilidad, etc. [NR] | Bertrand Russell ; traducción castellana de Sans Huelin ; revisada por Manuel Sacristan. |
| 250 ## - MENCION DE EDICION [NR] | |
| Mención de edición [NR] | 5a. ed. |
| 260 ## - PUBLICACION, DISTRIBUCION, ETC. (PIE DE IMPRENTA) [R] | |
| Lugar de publicación, distribución, etc. [R] | Barcelona (España) |
| Nombre del editor, distribuidor, etc. [R] | Ariel |
| Fecha de publicación, distribución, etc. [R] | 1975 |
| 300 ## - DESCRIPCION FISICA [R] | |
| Extensión [R] | 221 páginas |
| 650 04 - ASIENTO SECUNDARIO DE MATERIA - TERMINO TEMATICO [R] | |
| Término temático o nombre geográfico como elemento de entrada [NR] | Filosofía de la ciencia |
| 9 (RLIN) | 15753 |
| 650 04 - ASIENTO SECUNDARIO DE MATERIA - TERMINO TEMATICO [R] | |
| Término temático o nombre geográfico como elemento de entrada [NR] | Filosofía inglesa |
| 9 (RLIN) | 15822 |
| 650 04 - ASIENTO SECUNDARIO DE MATERIA - TERMINO TEMATICO [R] | |
| Término temático o nombre geográfico como elemento de entrada [NR] | Filosofía moderna |
| 9 (RLIN) | 15835 |
| 650 04 - ASIENTO SECUNDARIO DE MATERIA - TERMINO TEMATICO [R] | |
| Término temático o nombre geográfico como elemento de entrada [NR] | Filosofía |
| 9 (RLIN) | 75 |
| 765 04 - ASIENTO DE IDIOMA ORIGINAL [R] | |
| Título [NR] | The scientific outlook |
| 942 ## - ELEMENTOS DE ENTRADA AGREGADOS (KOHA) | |
| Tipo de ítem principal el descrito en 300a | Libro |
| Tema principal | Filosofía |
| Edición | 5 |
| Parte restante de la signatura top. | R961 |
| Sistema de clasificación | DEWEY |
| Clasificación | 192 |
| Suprimido | Perdido | Sistema de clasificación | Dañado | No prestable | Tipo de ítem específico | Ubicación habitual | Ubicación actual | Localización | Fecha de creación | Forma de adquisición | Costo | Volúmen / Fascículo | Total préstamos | Signatura topográfica | Código de barras | Última vez visto | Fecha de último préstamo | Ejemplar | Price effective from | Tipo de ítem |
|---|---|---|---|---|---|---|---|---|---|---|---|---|---|---|---|---|---|---|---|---|
| DEWEY | Libro | Bodega | Bodega | Préstamo 4 días después de solicitado | 28/02/2013 | Compra | 72800.00 | 192 R961 | 200021551 | 09/12/2017 | 07/04/2011 | Ej.2 | 03/02/2013 | Libro | ||||||
| DEWEY | Libro | Claustro | Claustro | 2do piso | 28/02/2003 | Compra | 288.00 | 5a.Ed. | 6 | 192 R961 | 100018006 | 05/12/2025 | 13/04/2016 | Ej.1 | 03/02/2013 | Libro |